| 000 | 00614nam a2200205Ia 4500 | ||
|---|---|---|---|
| 003 | GCL | ||
| 008 | 140319s9999 xx 000 0 eng d | ||
| 020 | _a1 84212 295 9 | ||
| 040 |
_aGCL / _cGCL |
||
| 082 | 0 | 4 |
_a956.9199 _bC S |
| 100 | 1 | _aCERAM, C . W | |
| 245 | 1 | 0 |
_aTHE SECRET OF THE HITTITES : _bTHE DISCOVERY OF AN ANCIENT EMPIRE / _cCERAM, C . W |
| 260 |
_aانجلترا : _bPHOENIX HOUSE |
||
| 300 |
_a24 CM ؛ _c282 P |
||
| 650 | 0 | 4 | _aTURKEY - HISTORY |
| 650 | 0 | 4 | _aMIDDLE EAST - HISTORY |
| 650 | 0 | 4 | _aHITTITES - HISTORY |
| 650 | 0 | 4 | _aINDO - EUROPEANS - SYRIA - HISTORY - TO 333 B C |
| 942 |
_2ddc _cBK |
||
| 999 |
_c6542 _d6542 |
||